Molecular plant biology, vol. 1 and 2 (Record no. 77619)

MARC details
000 -LEADER
fixed length control field 00874nam a2200205 a 4500
008 - FIXED-LENGTH DATA ELEMENTS--GENERAL INFORMATION
fixed length control field 070215s2005 ||||||||||||||||| || u
020 ## - INTERNATIONAL STANDARD BOOK NUMBER
International Standard Book Number 0195672232
050 ## - LIBRARY OF CONGRESS CALL NUMBER
Classification number QK 728 Mol
100 ## - MAIN ENTRY--PERSONAL NAME
Personal name Bowler, Chris
245 10 - TITLE STATEMENT
Title Molecular plant biology, vol. 1 and 2
Statement of responsibility, etc. edited by Gilmartin, Philip M.
246 ## -
-- a practical approach
260 ## - PUBLICATION, DISTRIBUTION, ETC.
Place of publication, distribution, etc. Oxford
Name of publisher, distributor, etc. Oxford University Press
Date of publication, distribution, etc. 2005
300 ## - PHYSICAL DESCRIPTION
Extent 2 Volumes
350 ## -
-- 0.00
490 ## -
-- The Practical approach series
650 ## - SUBJECT ADDED ENTRY--TOPICAL TERM
Topical term or geographic name entry element PLANT MOLECULAR BIOLOGY
650 #0 - SUBJECT ADDED ENTRY--TOPICAL TERM
Topical term or geographic name entry element BIOLOGY
995 ## -
-- MAIN LIBRARY OPEN ACCESS
-- 0.00
-- 737532
-- CBU-MAIN LIBRARY (Kitwe)
-- 1
-- 0.00
-- QK 728 MOL
-- 1
-- AVAILABLE
-- Feb 15, 2007
-- 53038
-- Main Library Open Access Collection
995 ## -
-- MAIN LIBRARY OPEN ACCESS
-- 0.00
-- 737533
-- CBU-MAIN LIBRARY (Kitwe)
-- 1
-- 0.00
-- QK 728 MOL
-- 2
-- AVAILABLE
-- Feb 15, 2007
-- 53087
-- Main Library Open Access Collection
999 ## -
-- 77619
-- 77619
Holdings
Withdrawn status Lost status Source of classification or shelving scheme Damaged status Not for loan Permanent Location Current Location Shelving location Date acquired Total Checkouts Full call number Barcode Date last seen Copy number Price effective from Koha item type
          CBU-MAIN LIBRARY, KITWE. CBU-MAIN LIBRARY, KITWE.   05/03/2023   QK 728 Mol 53038 05/03/2023 1 05/03/2023 MONOGRAPH
          CBU-MAIN LIBRARY, KITWE. CBU-MAIN LIBRARY, KITWE.   05/03/2023   QK 728 Mol 53087 05/03/2023 2 05/03/2023 MONOGRAPH